Анализ масштабов тепловых потерь теплопроводов в условиях увлажнения изоляции с учетом испарении влаги; Энергетика: эффективность, надежность, безопасность; Т. 1

Detalles Bibliográficos
Parent link:Энергетика: эффективность, надежность, безопасность: сборник трудов XIX Всероссийской научно-технической конференции, 4-6 декабря 2013 г., Томск/ Национальный исследовательский Томский политехнический университет (ТПУ) [и др.].— , 2013
Т. 1.— 2013.— [С. 238-241]
Autor principal: Губина Е. В.
Autor Corporativo: Национальный исследовательский Томский политехнический университет (ТПУ) Энергетический институт (ЭНИН) Кафедра теоретической и промышленной теплотехники (ТПТ)
Otros Autores: Половников В. Ю. Вячеслав Юрьевич
Sumario:Заглавие с титульного экрана
Lenguaje:ruso
Publicado: 2013
Colección:Эффективность теплоэнергетических установок и систем
Materias:
Acceso en línea:http://www.lib.tpu.ru/fulltext/c/2013/C15/V1/084.pdf
Formato: Electrónico Capítulo de libro
KOHA link:https://koha.lib.tpu.ru/cgi-bin/koha/opac-detail.pl?biblionumber=604065

MARC

LEADER 00000naa2a2200000 4500
001 604065
005 20260205140644.0
035 |a (RuTPU)RU\TPU\conf\1317 
035 |a RU\TPU\conf\1316 
090 |a 604065 
100 |a 20140219d2013 k y0rusy50 ca 
101 0 |a rus 
102 |a RU 
135 |a drnn ---uucaa 
181 0 |a i  
182 0 |a b 
200 1 |a Анализ масштабов тепловых потерь теплопроводов в условиях увлажнения изоляции с учетом испарении влаги  |f Е. В. Губина, В. Ю. Половников 
203 |a Текст  |c электронный 
225 1 |a Эффективность теплоэнергетических установок и систем 
300 |a Заглавие с титульного экрана 
320 |a [Библиогр.: с. 241 (6 назв.)] 
337 |a Adobe Reader 
461 1 |0 (RuTPU)RU\TPU\conf\562  |t Энергетика: эффективность, надежность, безопасность  |o сборник трудов XIX Всероссийской научно-технической конференции, 4-6 декабря 2013 г., Томск  |o в 2 т.  |f Национальный исследовательский Томский политехнический университет (ТПУ) [и др.]  |d 2013 
463 1 |0 (RuTPU)RU\TPU\conf\563  |t Т. 1  |f под ред. В. В. Литвака [и др.]  |v [С. 238-241]  |d 2013 
610 1 |a труды учёных ТПУ 
610 1 |a электронный ресурс 
610 1 |a тепловые потери 
610 1 |a теплопроводы 
610 1 |a увлажнение 
610 1 |a изоляция 
610 1 |a испарение влаги 
700 1 |a Губина  |b Е. В. 
701 1 |a Половников  |b В. Ю.  |c специалист в области теплотехники  |c доцент Томского политехнического университета, доктор технических наук  |f 1980-  |g Вячеслав Юрьевич  |3 (RuTPU)RU\TPU\pers\25532  |9 11462 
712 0 2 |a Национальный исследовательский Томский политехнический университет (ТПУ)  |b Энергетический институт (ЭНИН)  |b Кафедра теоретической и промышленной теплотехники (ТПТ)  |3 (RuTPU)RU\TPU\col\18679 
801 2 |a RU  |b 63413507  |c 20150402  |g RCR 
856 4 |u http://www.lib.tpu.ru/fulltext/c/2013/C15/V1/084.pdf 
942 |c CF